000 00513nam a2200181Ia 4500
008 240925s9999 xx 000 0 und d
020 _a72369647
082 _a005.73 COL
100 _aCollins ,William J.
245 0 _aData Structures and the Java Collections Framework
250 _aNA
260 _aNew York:
_bMc Graw HIll
_c,2002.
300 _axvii,587p.
_bNA
_fPirated
500 _aIncludes Index
600 _aComputer Science
650 _aComputer science, information & general works
942 _cBK
999 _c7304
_d7304